<?xml version="1.0" encoding="UTF-8"?>
<record
    xmlns:xsi="http://www.w3.org/2001/XMLSchema-instance"
    xsi:schemaLocation="http://www.loc.gov/MARC21/slim http://www.loc.gov/standards/marcxml/schema/MARC21slim.xsd"
    xmlns="http://www.loc.gov/MARC21/slim">

  <leader>02506nam0a2200385   4500</leader>
  <controlfield tag="001">RU\NLR\BIBL_A\012699451</controlfield>
  <controlfield tag="005">20250624122205.0</controlfield>
  <datafield tag="035" ind1=" " ind2=" ">
    <subfield code="a">(NLR Aleph) 012699451</subfield>
  </datafield>
  <datafield tag="090" ind1=" " ind2=" ">
    <subfield code="a">12873378</subfield>
    <subfield code="c">12873378</subfield>
  </datafield>
  <datafield tag="100" ind1=" " ind2=" ">
    <subfield code="a">20220202d1912    |||y0rusy50      ca</subfield>
  </datafield>
  <datafield tag="101" ind1="0" ind2=" ">
    <subfield code="a">rus</subfield>
  </datafield>
  <datafield tag="102" ind1=" " ind2=" ">
    <subfield code="a">RU</subfield>
  </datafield>
  <datafield tag="105" ind1=" " ind2=" ">
    <subfield code="a">y   g   000 y</subfield>
  </datafield>
  <datafield tag="181" ind1=" " ind2="0">
    <subfield code="a">i </subfield>
    <subfield code="b">axxe  </subfield>
  </datafield>
  <datafield tag="182" ind1=" " ind2="0">
    <subfield code="a">n</subfield>
  </datafield>
  <datafield tag="200" ind1="1" ind2=" ">
    <subfield code="a">&#x41F;&#x440;&#x435;&#x439;&#x441;&#x44A;-&#x41A;&#x443;&#x440;&#x430;&#x43D;&#x442;&#x44A; &#x431;&#x435;&#x43C;&#x441;&#x43A;&#x438;&#x445;&#x44A; &#x43C;&#x430;&#x442;&#x43E;&#x432;&#x44B;&#x445;&#x44A; [&#x438;] &#x443;&#x437;&#x43E;&#x440;&#x447;&#x430;&#x442;&#x44B;&#x445;&#x44A; &#x43E;&#x43A;&#x43E;&#x43D;&#x43D;&#x44B;&#x445;&#x44A; &#x441;&#x442;&#x435;&#x43A;&#x43E;&#x43B;&#x44A; &#x438; &#x437;&#x435;&#x440;&#x43A;&#x430;&#x43B;&#x44A;</subfield>
    <subfield code="f">&#x422;&#x43E;&#x440;&#x433;&#x43E;&#x432;&#x44B;&#x439; &#x414;&#x43E;&#x43C;&#x44A; "&#x411;&#x440;. &#x418;. &#x438; &#x41B;. &#x421;&#x43B;&#x430;&#x432;&#x438;&#x43D;&#x44B;" &#x432; &#x41E;&#x434;&#x435;&#x441;&#x441;&#x435;</subfield>
  </datafield>
  <datafield tag="203" ind1=" " ind2=" ">
    <subfield code="a">&#x422;&#x435;&#x43A;&#x441;&#x442;</subfield>
    <subfield code="b">&#x432;&#x438;&#x437;&#x443;&#x430;&#x43B;&#x44C;&#x43D;&#x44B;&#x439;</subfield>
    <subfield code="c">&#x43D;&#x435;&#x43F;&#x43E;&#x441;&#x440;&#x435;&#x434;&#x441;&#x442;&#x432;&#x435;&#x43D;&#x43D;&#x44B;&#x439;</subfield>
  </datafield>
  <datafield tag="210" ind1=" " ind2=" ">
    <subfield code="a">&#x41E;&#x434;&#x435;&#x441;&#x441;&#x430;</subfield>
    <subfield code="c">&#x422;&#x438;&#x43F;&#x43E;&#x433;&#x440;&#x430;&#x444;&#x438;&#x44F; &#x413;&#x443;&#x440;&#x432;&#x438;&#x446;&#x430; &#x438; &#x41E;&#x440;&#x433;&#x435;&#x435;&#x432;&#x441;&#x43A;&#x43E;&#x433;&#x43E;</subfield>
    <subfield code="d">[1912]</subfield>
  </datafield>
  <datafield tag="215" ind1=" " ind2=" ">
    <subfield code="a">43 &#x441;.</subfield>
    <subfield code="d">17</subfield>
  </datafield>
  <datafield tag="300" ind1=" " ind2=" ">
    <subfield code="a">&#x414;&#x430;&#x442;&#x430; &#x438;&#x437;&#x434;&#x430;&#x43D;&#x438;&#x44F; &#x43F;&#x43E; &#x433;&#x43E;&#x434;&#x443; &#x43F;&#x43E;&#x441;&#x442;&#x443;&#x43F;&#x43B;&#x435;&#x43D;&#x438;&#x44F; &#x432; &#x418;&#x41F;&#x411;</subfield>
  </datafield>
  <datafield tag="300" ind1=" " ind2=" ">
    <subfield code="a">&#x41D;&#x430; &#x434;&#x43E;&#x43F;. &#x442;&#x438;&#x442;. &#x43B;. (&#x441;. 7) &#x437;&#x430;&#x433;&#x43B;&#x430;&#x432;&#x438;&#x435;: &#x426;&#x462;&#x43D;&#x430; &#x411;&#x435;&#x43C;&#x441;&#x43A;&#x430;&#x433;&#x43E; &#x441;&#x442;&#x435;&#x43A;&#x43B;&#x430; &#x41E;&#x434;&#x438;&#x43D;&#x430;&#x440;&#x43D;&#x43E;&#x439; &#x442;&#x43E;&#x43B;&#x449;&#x438;&#x43D;&#x44B;, &#x440;&#x430;&#x437;&#x43C;&#x435;&#x440;&#x430;&#x43C;&#x438; &#x43E;&#x442; 1-&#x433;&#x43E; &#x434;&#x43E; 9-&#x433;&#x43E; &#x440;&#x430;&#x437;&#x440;&#x44F;&#x434;&#x430; &#x432;&#x43A;&#x43B;&#x44E;&#x447;&#x438;&#x442;&#x435;&#x43B;&#x44C;&#x43D;&#x43E;, &#x446;&#x435;&#x43D;&#x430; &#x43F;&#x43E;&#x43A;&#x430;&#x437;&#x430;&#x43D;&#x430; &#x437;&#x430; &#x43E;&#x434;&#x438;&#x43D; &#x43B;&#x438;&#x441;&#x442; : &#x43F;&#x440;&#x435;&#x439;&#x441;&#x44A;-&#x43A;&#x443;&#x440;&#x430;&#x43D;&#x442;&#x44A; &#x422;&#x43E;&#x440;&#x433;&#x43E;&#x432;&#x43E;&#x433;&#x43E; &#x414;&#x43E;&#x43C;&#x430; "&#x411;&#x440;. &#x418;. &#x438;. &#x41B;. &#x421;&#x43B;&#x430;&#x432;&#x438;&#x43D;&#x44B;" &#x432; &#x41E;&#x434;&#x435;&#x441;&#x441;&#x435;</subfield>
  </datafield>
  <datafield tag="300" ind1=" " ind2=" ">
    <subfield code="a">&#x412; &#x43A;&#x43E;&#x43B;&#x43E;&#x43D;&#x442;&#x438;&#x442;&#x443;&#x43B;&#x435; &#x437;&#x430;&#x433;&#x43B;&#x430;&#x432;&#x438;&#x435;: &#x422;&#x43E;&#x440;&#x433;&#x43E;&#x432;&#x44B;&#x439; &#x414;&#x43E;&#x43C;&#x44A; "&#x411;&#x440;. &#x418;. &#x438; &#x41B;. &#x421;&#x43B;&#x430;&#x432;&#x438;&#x43D;&#x44B;", &#x41E;&#x434;&#x435;&#x441;&#x441;&#x430;</subfield>
  </datafield>
  <datafield tag="327" ind1="1" ind2=" ">
    <subfield code="a">&#x420;&#x435;&#x43A;&#x43B;&#x430;&#x43C;&#x43D;&#x44B;&#x435; &#x43E;&#x431;&#x44A;&#x44F;&#x432;&#x43B;&#x435;&#x43D;&#x438;&#x44F;: &#x441;. 14-20</subfield>
  </datafield>
  <datafield tag="513" ind1="1" ind2=" ">
    <subfield code="a">&#x426;&#x435;&#x43D;&#x430; &#x411;&#x435;&#x43C;&#x441;&#x43A;&#x43E;&#x433;&#x43E; &#x441;&#x442;&#x435;&#x43A;&#x43B;&#x430; &#x41E;&#x434;&#x438;&#x43D;&#x430;&#x440;&#x43D;&#x43E;&#x439; &#x442;&#x43E;&#x43B;&#x449;&#x438;&#x43D;&#x44B;, &#x440;&#x430;&#x437;&#x43C;&#x435;&#x440;&#x430;&#x43C;&#x438; &#x43E;&#x442; 1-&#x433;&#x43E; &#x434;&#x43E; 9-&#x433;&#x43E; &#x440;&#x430;&#x437;&#x440;&#x44F;&#x434;&#x430; &#x432;&#x43A;&#x43B;&#x44E;&#x447;&#x438;&#x442;&#x435;&#x43B;&#x44C;&#x43D;&#x43E;, &#x446;&#x435;&#x43D;&#x430; &#x43F;&#x43E;&#x43A;&#x430;&#x437;&#x430;&#x43D;&#x430; &#x437;&#x430; &#x43E;&#x434;&#x438;&#x43D; &#x43B;&#x438;&#x441;&#x442; : &#x43F;&#x440;&#x435;&#x439;&#x441;&#x43A;&#x443;&#x440;&#x430;&#x43D;&#x442; &#x422;&#x43E;&#x440;&#x433;&#x43E;&#x432;&#x43E;&#x433;&#x43E; &#x414;&#x43E;&#x43C;&#x430; "&#x411;&#x440;. &#x418;. &#x438;. &#x41B;. &#x421;&#x43B;&#x430;&#x432;&#x438;&#x43D;&#x44B;" &#x432; &#x41E;&#x434;&#x435;&#x441;&#x441;&#x435;</subfield>
  </datafield>
  <datafield tag="515" ind1="1" ind2=" ">
    <subfield code="a">&#x422;&#x43E;&#x440;&#x433;&#x43E;&#x432;&#x44B;&#x439; &#x414;&#x43E;&#x43C; "&#x411;&#x440;&#x430;&#x442;&#x44C;&#x44F; &#x418;. &#x438; &#x41B;. &#x421;&#x43B;&#x430;&#x432;&#x438;&#x43D;&#x44B;", &#x41E;&#x434;&#x435;&#x441;&#x441;&#x430;</subfield>
  </datafield>
  <datafield tag="518" ind1="1" ind2=" ">
    <subfield code="a">&#x41F;&#x440;&#x435;&#x439;&#x441;&#x43A;&#x443;&#x440;&#x430;&#x43D;&#x442; &#x431;&#x435;&#x43C;&#x441;&#x43A;&#x438;&#x445; &#x43C;&#x430;&#x442;&#x43E;&#x432;&#x44B;&#x445; &#x438; &#x443;&#x437;&#x43E;&#x440;&#x447;&#x430;&#x442;&#x44B;&#x445; &#x43E;&#x43A;&#x43E;&#x43D;&#x43D;&#x44B;&#x445; &#x441;&#x442;&#x435;&#x43A;&#x43E;&#x43B; &#x438; &#x437;&#x435;&#x440;&#x43A;&#x430;&#x43B;</subfield>
    <subfield code="z">rus</subfield>
  </datafield>
  <datafield tag="606" ind1="1" ind2=" ">
    <subfield code="a">&#x421;&#x442;&#x435;&#x43A;&#x43B;&#x43E; &#x43E;&#x43A;&#x43E;&#x43D;&#x43D;&#x43E;&#x435;</subfield>
    <subfield code="x">&#x426;&#x435;&#x43D;&#x44B;</subfield>
    <subfield code="y">&#x420;&#x43E;&#x441;&#x441;&#x438;&#x44F;</subfield>
    <subfield code="j">&#x41F;&#x440;&#x435;&#x439;&#x441;&#x43A;&#x443;&#x440;&#x430;&#x43D;&#x442;&#x44B;</subfield>
  </datafield>
  <datafield tag="606" ind1="1" ind2=" ">
    <subfield code="a">&#x417;&#x435;&#x440;&#x43A;&#x430;&#x43B;&#x430;</subfield>
    <subfield code="j">&#x41F;&#x440;&#x435;&#x439;&#x441;&#x43A;&#x443;&#x440;&#x430;&#x43D;&#x442;&#x44B;</subfield>
    <subfield code="9">1300358</subfield>
    <subfield code="3">RU\NLR\AUTH\66221121</subfield>
  </datafield>
  <datafield tag="686" ind1="1" ind2=" ">
    <subfield code="a">&#x41B;431.1&#x43A;4</subfield>
  </datafield>
  <datafield tag="710" ind1="0" ind2="2">
    <subfield code="a">"&#x421;&#x43B;&#x430;&#x432;&#x438;&#x43D;&#x44B;, &#x418;. &#x41B;., &#x431;&#x440;&#x430;&#x442;&#x44C;&#x44F;", &#x442;&#x43E;&#x440;&#x433;&#x43E;&#x432;&#x44B;&#x439; &#x434;&#x43E;&#x43C;</subfield>
    <subfield code="c">&#x41E;&#x434;&#x435;&#x441;&#x441;&#x430;</subfield>
    <subfield code="9">787949</subfield>
    <subfield code="3">RU\NLR\AUTH\880560359</subfield>
  </datafield>
  <datafield tag="852" ind1=" " ind2=" ">
    <subfield code="a">NLR</subfield>
    <subfield code="j">43.13.9.667</subfield>
  </datafield>
  <datafield tag="942" ind1=" " ind2=" ">
    <subfield code="c">BOOK</subfield>
  </datafield>
  <datafield tag="980" ind1=" " ind2=" ">
    <subfield code="a">NB</subfield>
  </datafield>
  <datafield tag="995" ind1=" " ind2=" ">
    <subfield code="5">2022-02-02</subfield>
    <subfield code="b">NLR02</subfield>
    <subfield code="c">NLR02</subfield>
    <subfield code="e">RFS</subfield>
    <subfield code="f">12699451-10</subfield>
    <subfield code="k">43.13.9.667</subfield>
    <subfield code="o">0</subfield>
    <subfield code="r">BOOK</subfield>
    <subfield code="s">43139667_</subfield>
  </datafield>
</record>
